000 00626nam a2200229 a 4500
001 63131
003 BD-RjUL
005 20211209081149.0
008 170129s1989 nyu 001 0 eng d
020 _a086636112X
035 _a(BD-RjUL)63259
040 _aDLC
_cDLC
_beng
_dBD-RjUL
041 _aeng
082 _a658.82
_223
_bKOS 1989
100 1 _aKonikow, Robert B.
_9187848
245 1 0 _aSales promotion design /
_cRobert B. Konikow
260 _aGlen Cove, N.Y :
_bPBC International,
_c1989
300 _a255 p. :
_bill. ;
_c31 cm
500 _aIncludes index
650 0 _aSales promotion
_9184619
942 _2ddc
_cBK
999 _c63131
_d63131